000
00302nam a2200109Ia 4500
008
230907s9999||||xx |||||||||||||| ||und||
082
_a
620.11296
_b
GAS
100
_a
Gaskell, David R.,
_9
40023
245
0
_a
Introduction to the thermodynamics of materials, /
300
_a
xix, 693 pages ;
942
_c
BK
999
_c
598464
_d
598464